Famous Americans by birth state - Statistics

General Stats
  • This quiz has been taken 26 times
  • The average score is 9 of 25
Answer Stats
Hint Answer % Correct
Michael Jackson Indiana
95%
George Washington Virginia
95%
Mark Twain Missouri
84%
Eleanor Roosevelt New York
79%
Muhammad Ali Kentucky
63%
Beyonce Texas
63%
William McKinley Ohio
53%
Ronald Reagan Illinois
47%
Babe Ruth Maryland
47%
Sitting Bull South Dakota
47%
Lance Armstrong Texas
47%
Marilyn Monroe California
37%
Sarah Palin Idaho
32%
Brigham Young Vermont
32%
Frederick Douglass Maryland
26%
Tupac Shakur New York
21%
Sam Houston Virginia
16%
Glenn Seaborg Michigan
11%
Robert Stroud (theBirdman of Alcatraz) Washington
11%
Jack Dempsey Colorado
5%
Omar Bradley Missouri
5%
Alan Shepard New Hampshire
5%
Buzz Aldrin New Jersey
5%
John Denver New Mexico
5%
Chuck Norris Oklahoma
5%
No matching quizzes found
Score Distribution
Percent of People with Each Score
Percentile by Number Answered
Your Score History
You have not taken this quiz